000 00856nam a2200217Ia 4500
999 _c39454
_d39454
001 6047
003 GE_BSU
005 20190909132600.0
008 181216s1956||||ge |||||||||||||| ||geo||
040 _cGE_BSU
041 _ageo
080 _a821.353.1-31 ა-30
100 _aავალიანი, ლადო
_93908
245 _aახალი ჰორიზონტი ტომი I ნაწილი I-II :
_bრომანი /
_cლადო ავალიანი ; რედ. რ. ორჯონიკიძე.
264 _aთბილისი :
_bსახელგამი ;
_c1956.
300 _a662 გვ. ;
_c17 სმ.
653 _aახალი ჰორიზონტი
653 _aრომანი
700 _aორჯონიკიძე, რ.
_eრედაქტორი
_93930
942 _cBK
_2udc